LEADER 03231nam 2200589 450 001 996207001803316 005 20230621135344.0 010 $a8884535212 (ebook) 010 $a9788884535214 010 $z8884535220 (paperback) 010 $z9788884535221 035 $a(CKB)3400000000018735 035 $a(ItFiC)it 06539408 035 $a(WaSeSS)Ind00074606 035 $a(oapen)https://directory.doabooks.org/handle/20.500.12854/29480 035 $a(EXLCZ)993400000000018735 100 $a20090107h20062006 uy 0 101 0 $aita 135 $aur||#|||||||| 181 $ctxt$2rdacontent 182 $cc$2rdamedia 183 $acr$2rdacarrier 200 10$aIllacrimate sepolture $ecuriosita? e ricerca scientifica nella storia delle riesumazioni dei Medici /$fDonatella Lippi 210 $cFirenze University Press$d2006 210 1$aFirenze :$cFirenze University Press,$d2006. 210 4$d©2006 215 $a1 online resource (161 pages) $cillustrations; digital, PDF file(s) 311 08$aPrint version: 9788884535221 320 $aIncludes bibliographical references. 330 $aThe "Medici Project" ? launched in 2004 ? comprises a palaeopathological study of the corpses of the Medici buried in the Medici Chapels. The exhumations which took place in the past have altered the original state of the sepulchres, frequently compromising their conservation. Through the study of archive documents and iconographic material, this book is offered as a contribution to the contextualisation of these operations, and represents not only a starting-point for further investigations, but a fundamental working tool for the "Medici Project" itself. 330 $aIllacrimate sepolture prende spunto dalla recente ricerca paleopatologica e storica delle salme dei membri della famiglia Medici, sepolti nella cripta delle Cappelle Medicee, per guardare indietro alla storia delle precedenti esumazioni, a partire dal 1559, quando furono traslati i corpi di Lorenzo il Magnifico e di Giuliano, suo fratello, fino alla esumazione del secolo scorso, condotta da Giuseppe Genna e Gaetano Pieraccini. Ripercorrere le vicende di queste sepolture, spiegando le motivazioni delle scelte (a volte discutibili) del passato, e contestualizzando i diversi interventi alla luce delle esigenze che li avevano motivati, può infatti servire a indicare la strada più giusta ai ricercatori attualmente impegnati nel Progetto Medici. Fondata su documenti d'archivio e materiale iconografico prevalentemente inedito, la presente ricerca si propone quindi come punto di partenza per indagini ulteriori, e come imprescindibile strumento di lavoro. 606 $aExhumations 606 $aMedical science 610 $ascienza 610 $amedici 610 $ariesumazioni 610 $amedicina 610 $amedicine 610 $aflorence 610 $afirenze 610 $ascience 610 $aexhumations 615 0$aExhumations. 615 0$aMedical science. 676 $a945 700 $aLippi$b Donatella$0627994 801 0$bItFiC 801 1$bItFiC 801 2$bUkMaJRU 912 $a996207001803316 996 $aIllacrimate sepolture$91229400 997 $aUNISA LEADER 01191nam0 2200349 450 001 9910296155203321 005 20251021135216.0 010 $a978-88-9359-068-6 100 $a20181218d2017----km y0itay50 ba 101 0 $aita 102 $aIT 105 $a 001yy 200 1 $aRinascimento cristiano$einnovazioni e riforma religiosa nell'Italia del quindicesimo e sedicesimo secolo$fClaudio Moreschini 210 $aRoma$cEdizioni di storia e letteratura$d2017 215 $aXI, 376 p.$d24 cm 225 1 $aTemi e testi$v160 606 0 $aPico della Mirandola, Giovanni Francesco - Pensiero filosofico 610 0 $aCultura$aInflussi [del] Cristianesimo [e della] Cultura classica$aItalia$a1480-1530 610 0 $aErmetismo - Sec. 15.-16. 610 0 $aNeoplatonismo - Sec. 15.-16 676 $a230.1 676 $a945.06$v23$zita 700 1$aMoreschini,$bClaudio$0384697 801 0$aIT$bUNINA$gREICAT$2UNIMARC 901 $aBK 912 $a9910296155203321 952 $aCOLLEZ. 2151 (160)$b2902/2018$fFSPBC 952 $a191.12 PICO/S 11$bBrau 2020/770$fFLFBC 959 $aFSPBC 959 $aFLFBC 996 $aRinascimento cristiano$91540824 997 $aUNINA